000 00328nam a2200133Ia 4500
008 240624s9999 xx 000 0 und d
041 _aeng
082 _a658.8 DAS
100 _aDAS ASHOK
245 _aGUIDE TO INDIAN MARKET
250 _a(2nd ed.)
260 _c2012
_aNew Delhi
_bMatrix
300 _axii, : 327 : p. : cm. ; 30
999 _c24036
_d24036